000 00782nam a22001817a 4500
003 NUST
040 _a0
082 _a621.382,NAQ
100 _aAli Naqi, Syed Muhammad
_9118409
245 _aDetection of Fake Profiles on Multiple Platforms (DFPMP) /
_cSyed Muhammad Ali Naqi, Muhammad Sabeeh Waqas, Mirza Haidar and Syed Muhammad Hasan. (TCC-31 / BETE-56)
264 _aRawalpindi
_bMCS (NUST)
_c2023
300 _a68 p.;
505 _aIntroduction (Page-10), Literature Review (Page-19), Design and Development (Page-26), Derailed Evaluation and Analysis of the Code (Page-41), Conclusion (Page-57), References (Page-60).
650 _aUG EE Project
_9118090
690 _aTCC-31 / BETE-56
_9118237
700 _aSupervised by Dr. Haider Abbas
_9132603
942 _2ddc
_cPR
999 _c603363
_d603363